| 000 | 00553nmm a2200193Ia 4500 | ||
|---|---|---|---|
| 008 | 251105s9999||||xx |||||||||||||||||und|| | ||
| 020 | _a9788492509546 | ||
| 041 | _aspa | ||
| 100 | _aAzcárate Luxán, Blanca | ||
| 245 | 0 | _aEnergías e impacto ambiental | |
| 264 |
_a[Madrid, España] : _bEquipo Sirius, _c2002 |
||
| 300 | _a254 páginas | ||
| 490 | _aCienTemas | ||
| 650 | _aSciences | ||
| 700 | _aAzcárate Luxán, Blanca | ||
| 700 | 1 | _a Mingorance Jiménez, Alfredo | |
| 856 | _uhttps://public.digitaliapublishing.com/a/13535 | ||
| 942 | _cCF | ||
| 999 |
_c62326 _d62326 |
||